Dorpen en Steden van Utrecht - Statistieken

Algemene statistieken
  • Deze quiz is 108 keer genomen
  • De gemiddelde score is 38 van 104
Antwoordstatistieken
Gemeente Kern % Correct
Utrecht Utrecht
92%
Amersfoort Amersfoort
87%
Zeist Zeist
87%
Bunnik Bunnik
83%
De Bilt De Bilt
81%
Soest Soest
79%
De Bilt Bilthoven
77%
IJsselstein IJsselstein
75%
Nieuwegein Nieuwegein
75%
Vijfheerenlanden Vianen
75%
Woerden Woerden
75%
Baarn Baarn
74%
Stichtse Vecht Maarssen
74%
Houten Houten
72%
Veenendaal Veenendaal
64%
Montfoort Montfoort
62%
Rhenen Rhenen
62%
Stichtse Vecht Breukelen
60%
Leusden Leusden
60%
Lopik Lopik
60%
Utrechtse Heuvelrug Doorn
58%
Wijk bij Duurstede Wijk bij Duurstede
58%
Woudenberg Woudenberg
58%
Utrechtse Heuvelrug Maarn
57%
Soest Soesterberg
57%
Eemnes Eemnes
53%
Oudewater Oudewater
53%
Utrecht Vleuten
53%
Utrecht De Meern
51%
Bunnik Odijk
47%
Utrechtse Heuvelrug Amerongen
45%
Vijfheerenlanden Leerdam
45%
Utrechtse Heuvelrug Leersum
45%
De Ronde Venen Abcoude
43%
Bunschoten Bunschoten-Spakenburg
42%
Zeist Den Dolder
42%
Renswoude Renswoude
42%
Wijk bij Duurstede Cothen
40%
Utrechtse Heuvelrug Driebergen-Rijsenburg
38%
Amersfoort Hoogland
38%
Woerden Harmelen
36%
De Bilt Maartensdijk
36%
De Ronde Venen Vinkeveen
36%
Zeist Austerlitz
34%
Rhenen Elst
34%
De Bilt Groenekan
34%
De Ronde Venen Mijdrecht
34%
Houten Schalkwijk
34%
Vijfheerenlanden Ameide
32%
Lopik Benschop
30%
Vijfheerenlanden Lexmond
30%
Lopik Lopikerkapel
30%
Bunnik Werkhoven
30%
De Ronde Venen Wilnis
30%
Woerden Kamerik
28%
Utrechtse Heuvelrug Maarsbergen
28%
Houten 't Goy
28%
Stichtse Vecht Tienhoven
28%
Vijfheerenlanden Everdingen
26%
De Bilt Hollandsche Rading
26%
Zeist Huis ter Heide
26%
Stichtse Vecht Kockengen
26%
Baarn Lage Vuursche
26%
Montfoort Linschoten
26%
Zeist Bosch en Duin
25%
Utrechtse Heuvelrug Overberg
25%
Amersfoort Hooglanderveen
23%
Stichtse Vecht Loenen aan de Vecht
23%
Vijfheerenlanden Meerkerk
23%
Leusden Stoutenburg
23%
Bunschoten Eemdijk
21%
Wijk bij Duurstede Langbroek
21%
De Bilt Westbroek
21%
Woerden Zegveld
21%
Vijfheerenlanden Hagestein
19%
Vijfheerenlanden Nieuwland
19%
Vijfheerenlanden Schoonrewoerd
19%
Stichtse Vecht Vreeland
19%
Leusden Achterveld *
17%
De Ronde Venen Baambrugge
17%
Vijfheerenlanden Hei- en Boeicop
17%
Vijfheerenlanden Leerbroek
17%
Stichtse Vecht Nieuwer ter Aa
17%
Lopik Polsbroek
17%
De Ronde Venen Waverveen
17%
Stichtse Vecht Loenersloot
15%
Vijfheerenlanden Zijderveld
15%
De Ronde Venen De Hoef
13%
Utrecht Haarzuilens
13%
Vijfheerenlanden Kedichem
13%
Stichtse Vecht Nigtevecht
13%
Amersfoort Stoutenburg Noord
13%
Houten Tull en 't Waal
13%
Lopik Jaarsveld
11%
Stichtse Vecht Oud Zuilen
11%
Oudewater Papekop
11%
Oudewater Snelrewaard
11%
De Ronde Venen Amstelhoek
9%
Stichtse Vecht Nieuwersluis
9%
Oudewater Hekendorp
6%
Vijfheerenlanden Hoef en Haag
6%
Vijfheerenlanden Oosterwijk
4%
Vijfheerenlanden Tienhoven aan de Lek
2%
Vijfheerenlanden Ossenwaard
0%
Geen overeenkomende quizzen gevonden
Scoreverdeling
Procent van Mensen met Elke Score
Percentiel versus Aantal Correcte Antwoorden
Uw Scoregeschiedenis
U heeft deze quiz nog niet genomen